000 00453nam a2200181Ia 4500
001 2228
005 20260306143826.0
008 260306t2015||||xx |||||||||||||| ||spa||
041 _aESP
082 _a616.8
_bA75
100 _aArnedo Montoro, Marisa
_eAUT
245 0 _aNeuropsicología infantil:
_ba través de casos clínicos
260 _c2015
300 _a491 páginas :
_c24 cm.
650 _aGEN
654 _aCPS
942 _cLIB
_dJUS
_fJUS
_2ddc
_n
999 _c2228
_d2228